000 00552nam a22002057a 4500
003 BUBTL
008 210331b xxu||||| |||| 00| 0 eng d
020 _a978-0-07-131410-7
082 _a650/NIU
100 _aNickels, William G.
_94106
245 _aUnderstanding Business
_b William G. Nickels
250 _a9th ed.
260 _aNew York
_bMcGraw-Hill
_cc2010
300 _a569p . :
_b22cm.
650 _2Business
700 _aNickels William G.
_94107
856 _k0
_l0
_yDownload
942 _2ddc
_cBK
999 _c6500
_d6500